000 00482nam a2200181Ia 4500
005 20250326125442.0
008 250326s9999 xx 000 0 und d
037 _aTextbook
040 _aFMSL
_beng
_cFMSL
041 _aeng
_2eng
084 _aY:5 L31
_qFMSL
100 _aGanguli B N
245 0 _aPopulation and development
_cGanguli B N
260 _aNew Delhi
_bNew Delhi, S Chand
_c1973
300 _a132p
942 _cTB
_hY:5 L31
999 _c1278127
_d1278127